Hercolubus or red planet/ (Record no. 30650)

000 -LEADER
fixed length control field 00455nam a22001457a 4500
008 - FIXED-LENGTH DATA ELEMENTS--GENERAL INFORMATION
fixed length control field 200114b ||||| |||| 00| 0 eng d
020 ## - INTERNATIONAL STANDARD BOOK NUMBER
International Standard Book Number 8590139875
050 ## - LIBRARY OF CONGRESS CALL NUMBER
Classification number BF 1729.R33 2003
100 ## - MAIN ENTRY--PERSONAL NAME
Personal name Rabolu,V.M
245 ## - TITLE STATEMENT
Title Hercolubus or red planet/
Statement of responsibility, etc. V.M.Rabolu
260 ## - PUBLICATION, DISTRIBUTION, ETC. (IMPRINT)
Place of publication, distribution, etc. Brazil:
Name of publisher, distributor, etc. Milenium Edicoes do Brasil Ltd,
Date of publication, distribution, etc. c2003.
300 ## - PHYSICAL DESCRIPTION
Extent 54[3]p.:
Other physical details ill.
Dimensions 18cm
650 ## - SUBJECT ADDED ENTRY--TOPICAL TERM
Topical term or geographic name as entry element End of the world.
942 ## - ADDED ENTRY ELEMENTS (KOHA)
Source of classification or shelving scheme
Koha item type Periodicals, Journals
Classification part BF 1729 .R33 2003
Holdings
Withdrawn status Lost status Source of classification or shelving scheme Damaged status Not for loan Home library Current library Shelving location Date acquired Total Checkouts Full call number Barcode Date last seen Price effective from Koha item type
          MACHAKOS UNIVERSITY LIBRARY MACHAKOS UNIVERSITY LIBRARY Special Collection 14/01/2020   BF 1729 .R33 2003 23235 19/10/2020 14/01/2020 Periodicals, Journals
© Machakos University Library, Along The Highway, Machakos Wote Rd, Machakos, Kenya P.O. Box 136 - 90100 Machakos - Kenya

Tel: ( +254 ) 723 805829 OR Fax : 044-20353 OR Email: library@mksu.ac.ke